Дело о службе состоявшего при санкт-петербургских театрах, уволенного настройщика фортепиано, пенсионера Фридриха Деринга

Доступно только в Электронных читальных залах Найти на картеНа карте
RUSMARC
00003650nmc2a22000003x 450
0015aba4507-4957-4aa8-9a80-da67dcbe1af2
00520181129015313.0
100##$a20170110l18261874k l0rusy0189 ca
1010#$arus
102##$aRU
2001#$aДело о службе состоявшего при санкт-петербургских театрах, уволенного настройщика фортепиано, пенсионера Фридриха Деринга
$j21 июля 1826 г. - 14 октября 1874 г.
251##$cДело
300##$aДело
801#0$aRU
$bРГИА
$c20170110
$gRCR
801#1$aRU
$bГлавНИВЦ
$c20170110
$2rusmarc
801#2$aRU
$bПБ им. Б.Н. Ельцина
$c20181129
$gRCR
$2rusmarc
850##$aРГИА
852##$aРГИА
$eФедеральное казенное учреждение "Российский государственный исторический архив" (РГИА)
$j2988
937##$hРГИА
$d12239340
$aASBIBLIO_SCAN
462#0$1001dd3991dc-24e1-42ec-8838-ca4255420416
$12001
$a1746-1850 гг.
$1251
$cОпись
$1852
$j1
461#0$10019264ebf8-de62-4f1a-9eb4-9f22098dbbd5
$12001
$aДирекция императорских театров МИДв
$1251
$cФонд
$1852
$j497
215##$a69 л.
$d36,5х26 см
371##$aДокумент не является опубликованным и широко распространяемым
105##$ay###
1222#$ad
035##$a5aba4507-4957-4aa8-9a80-da67dcbe1af2
856##$uhttp://readingroom.main.prlib.ru/item.aspx?id_node=n121123776&mode=full
Формат отображения